[Event "Women's Speed Chess Q2"]
[Site "chess.com INT"]
[Date "2020.06.19"]
[Round "11"]
[White "Sukandar, Irine Kharisma"]
[Black "Li, Xueyi"]
[Result "1-0"]
[WhiteTitle "IM"]
[BlackTitle "WGM"]
[WhiteElo "2413"]
[BlackElo "2328"]
[WhiteFideId "7101937"]
[BlackFideId "8605912"]
[EventDate "2020.06.19"]

1. d4 Nf6 2. Nf3 e6 3. g3 c5 4. c3 Nc6 5. Bg2 d5 6. O-O Bd6 7. b3 O-O 8. Bb2 b5
9. dxc5 Bxc5 10. a4 b4 11. cxb4 Nxb4 12. Nbd2 Bb7 13. Ne5 a5 14. Rc1 Be7 15.
Ndf3 Rc8 16. Nd4 Ne4 17. Nb5 Nd6 18. Nxd6 Qxd6 19. Qd2 f6 20. Nd3 Nxd3 21. Qxd3
e5 22. Qb5 Ba6 23. Qxd5+ Qxd5 24. Bxd5+ Kh8 25. Be6 Rxc1 26. Rxc1 Bxe2 27. Rc7
Bb4 28. f4 exf4 29. gxf4 h6 30. Kf2 Bh5 31. Bc3 Rb8 32. Bxb4 Rxb4 33. Ke3 Kh7
34. Rc5 Bd1 35. Bf5+ Kg8 36. Be6+ Kf8 37. Rb5 Rxb5 38. axb5 Ke7 39. b6 Kd6 40.
Kd4 Bf3 41. Bc8 Kc6 42. b7 Kc7 43. Kc5 Bxb7 44. Bxb7 Kxb7 45. f5 Ka6 46. Kc6 a4
47. bxa4 Ka5 48. Kd6 1-0

[Event "Women's Speed Chess Q2"]
[Site "chess.com INT"]
[Date "2020.06.19"]
[Round "11"]
[White "Keetman, Maaike"]
[Black "Dauletova, Gulmira"]
[Result "1-0"]
[WhiteTitle "WFM"]
[BlackTitle "WIM"]
[WhiteElo "2169"]
[BlackElo "2319"]
[WhiteFideId "1033697"]
[BlackFideId "13702971"]
[EventDate "2020.06.19"]

1. e4 e5 2. Nf3 Nc6 3. Bb5 a6 4. Ba4 Nf6 5. d3 Bc5 6. Nc3 b5 7. Bb3 O-O 8. Bg5
h6 9. Bh4 Be7 10. O-O d6 11. a4 Rb8 12. Bxf6 Bxf6 13. axb5 axb5 14. Nd5 Bg4 15.
h3 Bh5 16. c3 Bg5 17. g4 Bg6 18. Nxg5 Qxg5 19. Nxc7 h5 20. Nd5 Nd8 21. f4 exf4
22. Nxf4 Kh7 23. Kh2 Nc6 24. gxh5 Ne5 25. hxg6+ fxg6 26. Ne6 Qe7 27. Nxf8+ Rxf8
28. Qe2 Rb8 29. d4 Nd7 30. Rf7 Qe8 31. Raf1 b4 32. Qg4 bxc3 33. Qh4+ Kg8 34.
Rf8# 1-0

[Event "Women's Speed Chess Q2"]
[Site "chess.com INT"]
[Date "2020.06.19"]
[Round "11"]
[White "Dordzhieva, Dinara"]
[Black "Xu, Yuanyuan"]
[Result "1-0"]
[WhiteTitle "WIM"]
[BlackTitle "WGM"]
[WhiteElo "2354"]
[BlackElo "2317"]
[WhiteFideId "24157570"]
[BlackFideId "8601089"]
[EventDate "2020.06.19"]

1. d4 d5 2. Nf3 Nf6 3. c4 c6 4. g3 Bf5 5. Bg2 e6 6. O-O h6 7. Qb3 Qb6 8. Nc3
Nbd7 9. c5 Qxb3 10. axb3 Be7 11. b4 O-O 12. b5 cxb5 13. Nxb5 a6 14. Nc3 Rfc8 15.
Bf4 g5 16. Bd2 Ne4 17. Rfc1 g4 18. Nxe4 gxf3 19. exf3 dxe4 20. fxe4 Bg6 21. b4
h5 22. d5 exd5 23. exd5 Bf6 24. Ra2 Ne5 25. d6 Nd3 26. Rd1 Rab8 27. Be3 Rd8 28.
Bd2 Kg7 29. h4 Bd4 30. Bg5 f6 31. Be3 Bxe3 32. fxe3 Nxb4 33. Rf2 Nd3 34. Rc2 Ne5
35. Rb2 Rbc8 36. Rxb7+ Kh6 37. Rd5 Nd3 38. Rc7 Rxc7 39. dxc7 Rc8 40. Rd7 Nxc5
41. Re7 Nd3 42. Bb7 Rf8 43. c8=Q Rxc8 44. Bxc8 Ne5 45. Bxa6 Nf3+ 46. Kf2 Nd2 47.
Bb7 1-0

[Event "Women's Speed Chess Q2"]
[Site "chess.com INT"]
[Date "2020.06.19"]
[Round "11"]
[White "Soumya, Swaminathan"]
[Black "Yakimova, Mariya"]
[Result "0-1"]
[WhiteTitle "IM"]
[BlackTitle "WFM"]
[WhiteElo "2351"]
[BlackElo "2269"]
[WhiteFideId "5016193"]
[BlackFideId "34188859"]
[EventDate "2020.06.19"]

1. Nf3 Nf6 2. c4 g6 3. b3 Bg7 4. Bb2 O-O 5. g3 d6 6. Bg2 e5 7. d3 Nc6 8. Nbd2 h6
9. O-O Be6 10. Rc1 Nh5 11. Ne4 f5 12. Nc3 Nf6 13. Nd2 Qd7 14. a3 a5 15. f4 Kh7
16. e3 Rae8 17. Nd5 Nd8 18. e4 fxe4 19. Nxf6+ Bxf6 20. Nxe4 Bg7 21. fxe5 dxe5
22. Qe2 Bg4 23. Qe3 b6 24. b4 axb4 25. axb4 Ne6 26. Nf2 Nd4 27. Nxg4 Qxg4 28. h3
Qe2 29. Bxd4 exd4 30. Qxe2 Rxe2 31. Rxf8 Bxf8 32. c5 bxc5 33. bxc5 Re3 34. Kf2
Rxd3 35. Be4 Re3 36. Bb7 Kg7 37. c6 Bd6 38. g4 Kf6 39. Rc4 Ke5 40. Bc8 g5 41.
Bf5 Rxh3 42. Ra4 Rh2+ 43. Kf3 Rh3+ 44. Ke2 h5 45. Ra5+ Kf4 46. gxh5 Rh2+ 47. Kd3
Bb4 0-1

[Event "Women's Speed Chess Q2"]
[Site "chess.com INT"]
[Date "2020.06.19"]
[Round "11"]
[White "Tereladze, Sopiko"]
[Black "Foisor, Sabina-Francesca"]
[Result "0-1"]
[WhiteTitle "WIM"]
[BlackTitle "WGM"]
[WhiteElo "2141"]
[BlackElo "2228"]
[WhiteFideId "13600486"]
[BlackFideId "1212915"]
[EventDate "2020.06.19"]

1. d4 d5 2. Nf3 Nf6 3. Bf4 e6 4. e3 Bd6 5. c3 O-O 6. Bd3 b6 7. Nbd2 Ba6 8. Qe2
Bxd3 9. Qxd3 c5 10. Ne5 Bxe5 11. Bxe5 Nc6 12. Bxf6 Qxf6 13. O-O e5 14. dxe5 Nxe5
15. Qe2 Rad8 16. Rad1 Rfe8 17. Nf3 h6 18. Nxe5 Rxe5 19. Rd3 Qh4 20. Rfd1 Rh5 21.
h3 Rg5 22. Qf3 Rd6 23. Rxd5 Rf6 24. Rd8+ Kh7 25. Qe2 Qxh3 26. f4 Rgg6 27. Re8
Rxg2+ 28. Qxg2 Rg6 29. Rd2 Qf3 30. Qxg6+ Kxg6 31. Rg2+ Kf6 32. Re5 g6 33. a3 h5
34. Reg5 Qxe3+ 35. Kh1 Qxf4 36. R5g3 Qc1+ 37. Kh2 Kg7 38. Rf3 f6 39. Rgf2 f5 40.
Rg3 Kf6 41. Rfg2 g5 42. Rd3 g4 43. Rd6+ Kg5 44. Rd8 h4 45. Rg8+ Kf6 46. Rf8+ Kg6
47. Rh8 g3+ 0-1

[Event "Women's Speed Chess Q2"]
[Site "chess.com INT"]
[Date "2020.06.19"]
[Round "11"]
[White "Tania, Sachdev"]
[Black "Belenkaya, Dina"]
[Result "1-0"]
[WhiteTitle "IM"]
[BlackTitle "WGM"]
[WhiteElo "2392"]
[BlackElo "2297"]
[WhiteFideId "5007844"]
[BlackFideId "24142654"]
[EventDate "2020.06.19"]

1. d4 Nf6 2. c4 c5 3. d5 e5 4. Nc3 d6 5. e4 Be7 6. g3 Nbd7 7. Bg2 Nf8 8. Nge2 h5
9. h3 a6 10. Be3 b5 11. cxb5 axb5 12. Nxb5 Ba6 13. Nbc3 Ng6 14. Qd2 h4 15. g4
Nh7 16. O-O Bg5 17. Bxg5 Nxg5 18. Rfc1 Qf6 19. Qe3 O-O 20. a4 Nf4 21. Nxf4 exf4
22. Qe1 f3 23. Bf1 Rfe8 24. Bxa6 Rxa6 25. Qf1 Qf4 26. Qxa6 Nxh3+ 27. Kf1 Qh2 28.
Ke1 Qxf2+ 29. Kd1 Qe3 30. Kc2 Nf2 31. Re1 Qd4 32. b3 Nxg4 33. Qd3 f2 34. Re2 Qb4
35. Qf3 c4 36. Rb1 Ne5 37. Qxf2 Rc8 38. Qe3 Qa3 39. Rb2 Kf8 40. Qb6 cxb3+ 41.
Qxb3 Qa2 42. Qxa2 1-0

[Event "Women's Speed Chess Q2"]
[Site "chess.com INT"]
[Date "2020.06.19"]
[Round "11"]
[White "Mamedjarova, Turkan"]
[Black "Kashlinskaya, Alina"]
[Result "0-1"]
[WhiteTitle "WGM"]
[BlackTitle "IM"]
[WhiteElo "2309"]
[BlackElo "2494"]
[WhiteFideId "13402005"]
[BlackFideId "4198026"]
[EventDate "2020.06.19"]

1. d4 Nf6 2. c4 g6 3. Nf3 Bg7 4. Nc3 O-O 5. e4 d6 6. Be2 e5 7. d5 a5 8. h3 Na6
9. g4 Nc5 10. Qc2 c6 11. Be3 Bd7 12. Bxc5 dxc5 13. O-O-O cxd5 14. Nxd5 Nxd5 15.
Rxd5 Qc7 16. Rhd1 Bc6 17. Rd6 a4 18. a3 Ra6 19. R6d2 Rb6 20. g5 f6 21. h4 f5 22.
exf5 gxf5 23. Ne1 e4 24. Qb1 Qf4 25. Ng2 Qe5 26. Ne3 Rb3 27. h5 f4 28. Ng4 Qxg5
29. Rg1 e3 30. fxe3 fxe3 31. Rd6 Kh8 32. h6 Bxb2+ 33. Kd1 Be5 34. Qc1 Be4 35.
Rd7 Rb1 36. Qxb1 Bxb1 37. Rg2 Qf5 38. Nxe3 Qxd7+ 0-1

[Event "Women's Speed Chess Q2"]
[Site "chess.com INT"]
[Date "2020.06.19"]
[Round "11"]
[White "Voit, Daria"]
[Black "Kiolbasa, Oliwia"]
[Result "1-0"]
[WhiteTitle "WGM"]
[BlackTitle "WIM"]
[WhiteElo "2343"]
[BlackElo "2160"]
[WhiteFideId "4182146"]
[BlackFideId "1154613"]
[EventDate "2020.06.19"]

1. d4 d5 2. c4 dxc4 3. e3 Nf6 4. Bxc4 a6 5. Nf3 Nc6 6. O-O Bg4 7. h3 Bh5 8. g4
Bg6 9. Ne5 e6 10. Nxc6 bxc6 11. Qa4 Qd7 12. Be2 h5 13. g5 Ne4 14. h4 Be7 15. Bf3
f5 16. Nd2 O-O 17. Nc4 Be8 18. b3 g6 19. Ba3 Nc3 20. Qa5 Nd5 21. Ne5 Qd8 22.
Rac1 Rb8 23. Nxc6 Bxc6 24. Rxc6 Qd7 25. Rfc1 Rfc8 26. Bxe7 Nxe7 27. Rxc7 Rxc7
28. Qxc7 Qd8 29. Qe5 Nd5 30. Qxe6+ Kg7 31. Bxd5 Rb6 32. Qe5+ Kh7 33. Rc7+ 1-0

[Event "Women's Speed Chess Q2"]
[Site "chess.com INT"]
[Date "2020.06.19"]
[Round "11"]
[White "Karnaukhova, Elmira"]
[Black "Huda, Maryana"]
[Result "1-0"]
[WhiteTitle "WGM"]
[BlackTitle "WGM"]
[WhiteElo "2319"]
[BlackElo "2128"]
[WhiteFideId "4148827"]
[BlackFideId "14116553"]
[EventDate "2020.06.19"]

1. d4 d5 2. c4 c6 3. Nc3 Nf6 4. e3 e6 5. a3 a5 6. Bd3 Nbd7 7. Nf3 dxc4 8. Bxc4
b5 9. Bb3 Ba6 10. O-O b4 11. Ne2 c5 12. axb4 axb4 13. Bd2 Bd6 14. dxc5 Nxc5 15.
Ba4+ Ke7 16. Nfd4 Bb7 17. Bxb4 Qb6 18. Bc3 Rhd8 19. Bc2 Kf8 20. Rxa8 Bxa8 21.
Qa1 Nce4 22. Ba5 Qb8 23. Bxd8 Qxd8 24. f3 Nc5 25. b4 Ncd7 26. b5 Qb8 27. g3 Be5
28. Qa3+ Kg8 29. Ra1 Bb7 30. Qa7 Qc7 31. Qa5 Qc8 32. Rc1 Qb8 33. Bd3 h5 34. b6
h4 35. Qa7 hxg3 36. hxg3 1-0

[Event "Women's Speed Chess Q2"]
[Site "chess.com INT"]
[Date "2020.06.19"]
[Round "11"]
[White "Zavivaeva, Evelina"]
[Black "Nikulina, Alena"]
[Result "0-1"]
[WhiteTitle "WCM"]
[BlackTitle "WFM"]
[WhiteElo "1619"]
[BlackElo "1887"]
[WhiteFideId "44127839"]
[BlackFideId "4172051"]
[EventDate "2020.06.19"]

1. e4 c5 2. Nf3 d6 3. d4 cxd4 4. Nxd4 Nf6 5. Nc3 a6 6. Bd3 g6 7. O-O Bg7 8. Be3
O-O 9. f3 b5 10. Qd2 Bb7 11. a3 Nbd7 12. b4 Ne5 13. Qe2 Rc8 14. Qe1 Nxd3 15.
cxd3 d5 16. Rc1 e5 17. Ndxb5 axb5 18. Nxb5 d4 19. Rxc8 Qxc8 20. Nd6 Qa8 21. Nxb7
Qxb7 22. Bg5 Ra8 23. Qc1 Qa6 24. Qc4 Qxa3 25. Rc1 h6 26. Bxf6 Bxf6 27. Qc6 Kg7
28. b5 Qxd3 29. b6 Qe3+ 30. Kh1 Ra2 31. b7 Rb2 32. Rg1 Qc3 33. Qc4 Qxc4 0-1

[Event "Women's Speed Chess Q2"]
[Site "chess.com INT"]
[Date "2020.06.19"]
[Round "11"]
[White "Vijayalakshmi, Subbaraman"]
[Black "Perez Rodriguez, Jennifer"]
[Result "1-0"]
[WhiteTitle "IM"]
[BlackTitle "WIM"]
[WhiteElo "2332"]
[BlackElo "2251"]
[WhiteFideId "5004098"]
[BlackFideId "3507831"]
[EventDate "2020.06.19"]

1. Nf3 Nf6 2. g3 e6 3. Bg2 d5 4. O-O Be7 5. d3 O-O 6. Nbd2 Nbd7 7. e4 dxe4 8.
dxe4 e5 9. Qe2 c6 10. Rd1 Qc7 11. a4 a5 12. b3 Re8 13. Bb2 Bf8 14. Nh4 Nc5 15.
Nc4 b5 16. axb5 cxb5 17. Ne3 Bb7 18. Nd5 Nxd5 19. exd5 Qb6 20. Nf5 Rad8 21. Ne3
g6 22. h4 Bg7 23. h5 f5 24. hxg6 hxg6 25. Rab1 a4 26. bxa4 Nxa4 27. Ba1 Qc5 28.
Rxb5 Qc7 29. Rb3 Nc5 30. Rbb1 Qd6 31. Nc4 Qf6 32. Na5 Ba8 33. Nc6 Rd6 34. Qc4
Nd7 35. Na5 Qg5 36. Qb4 Bf8 37. Qb3 Nf6 38. c4 f4 39. c5 Rdd8 40. d6+ Kg7 41.
Nb7 Rb8 42. c6 fxg3 43. Qxg3 Qxg3 44. fxg3 Bxb7 45. cxb7 Rxb7 46. Rxb7+ 1-0

[Event "Women's Speed Chess Q2"]
[Site "chess.com INT"]
[Date "2020.06.19"]
[Round "11"]
[White "Sedina, Elena"]
[Black "Kanyamarala, Trisha"]
[Result "1-0"]
[WhiteTitle "IM"]
[BlackTitle "WIM"]
[WhiteElo "2299"]
[BlackElo "2193"]
[WhiteFideId "812153"]
[BlackFideId "45004722"]
[EventDate "2020.06.19"]

1. e4 c5 2. Nf3 d6 3. Bb5+ Bd7 4. Bxd7+ Nxd7 5. O-O Ngf6 6. Re1 e6 7. c3 Be7 8.
d4 cxd4 9. cxd4 O-O 10. Nc3 Nb6 11. Bf4 Rc8 12. Qe2 Nc4 13. Rad1 Qa5 14. Rd3 Qa6
15. b3 Nb2 16. Re3 e5 17. dxe5 dxe5 18. Bxe5 Ba3 19. Qxa6 bxa6 20. Nb1 Ng4 21.
Nxa3 Nxe3 22. Bxb2 Nc2 23. Rc1 Nxa3 24. Rxc8 Rxc8 25. Bxa3 Rc2 26. g3 Rxa2 27.
Bc5 Rb2 28. b4 Rb3 29. Kg2 Rc3 30. Nd4 Rc4 31. Nc6 Rxe4 32. Bxa7 Re6 33. Nd4 Re4
34. Bc5 Re6 35. Nxe6 fxe6 36. Kf3 Kf7 37. Ke4 Ke8 38. Ke5 Kd7 39. Bf8 Kc6 40.
Kxe6 Kb5 41. Kf7 a5 42. bxa5 Kxa5 43. Kxg7 1-0

[Event "Women's Speed Chess Q2"]
[Site "chess.com INT"]
[Date "2020.06.19"]
[Round "11"]
[White "Miroshnik, Ekaterina"]
[Black "Kovanova, Baira"]
[Result "1/2-1/2"]
[WhiteTitle "WFM"]
[BlackTitle "WGM"]
[WhiteElo "2139"]
[BlackElo "2343"]
[WhiteFideId "34127698"]
[BlackFideId "4164083"]
[EventDate "2020.06.19"]

1. d3 e5 2. Nd2 Nf6 3. Ngf3 Nc6 4. e4 d6 5. Be2 g6 6. O-O Bg7 7. c3 O-O 8. Re1
Nh5 9. Qc2 f5 10. Qd1 Kh8 11. Qc2 Qf6 12. b3 Bd7 13. Bb2 Nf4 14. Bf1 fxe4 15.
dxe4 Bg4 16. Re3 Bh6 17. Ree1 Rf7 18. Kh1 Raf8 19. Ng1 Be6 20. g3 Nh5 21. f3 Qg5
22. Nc4 Qf6 23. Ne3 Ng7 24. Nd5 Bxd5 25. exd5 Ne7 26. Bc1 Bxc1 27. Raxc1 Nxd5
28. c4 Nb4 29. Qd2 Nc6 30. Bg2 Nd4 31. Rf1 Qe7 32. f4 Nge6 33. fxe5 Rxf1 34.
Rxf1 Rxf1 35. Bxf1 dxe5 36. Qe3 Qf6 37. Bg2 c6 38. h3 Qg5 39. Qe1 Nc2 40. Qf2
Ncd4 41. Be4 Kg7 42. Kh2 Qf6 43. Qe3 Ng5 44. Bg2 Nf7 45. Qe4 Qf5 46. Qe3 Nd6 47.
Ne2 Qf6 48. Nc3 N6f5 49. Qf2 Nd6 50. Qe3 N6f5 51. Qf2 Nd6 52. Qe3 1/2-1/2

[Event "Women's Speed Chess Q2"]
[Site "chess.com INT"]
[Date "2020.06.19"]
[Round "11"]
[White "Fernandez, Maria Florencia"]
[Black "Hernandez Bonilla, Amelia"]
[Result "1-0"]
[WhiteTitle "WIM"]
[BlackTitle "WFM"]
[WhiteElo "2229"]
[BlackElo "2016"]
[WhiteFideId "116459"]
[BlackFideId "3900193"]
[EventDate "2020.06.19"]

1. d4 Nf6 2. c4 e6 3. Nc3 Bb4 4. a3 Bxc3+ 5. bxc3 d6 6. f3 b6 7. e4 Nc6 8. Be3
e5 9. Bd3 O-O 10. Ne2 Ba6 11. O-O Na5 12. g4 Bxc4 13. Ng3 c5 14. g5 Nd7 15. h4
Rc8 16. Nf5 Nb8 17. f4 exd4 18. cxd4 Be6 19. Nxg7 Kxg7 20. f5 Bc4 21. f6+ Kh8
22. h5 Qd7 23. Bxc4 Nxc4 24. Bf4 cxd4 25. Qf3 Nc6 26. Kh1 N6e5 27. Qg2 Qg4 28.
Qh2 Nf3 29. Rxf3 Qxf3+ 30. Kg1 Qg4+ 31. Kh1 Ne5 32. Rg1 Qf3+ 33. Rg2 Ng4 34. Qg3
Qxg3 35. Rxg3 Ne3 36. Bxd6 Rfd8 37. Be7 Rd7 38. Rh3 Ng4 39. g6 fxg6 40. Kg2 d3
41. hxg6 d2 42. Rxh7+ Kg8 43. f7# 1-0

[Event "Women's Speed Chess Q2"]
[Site "chess.com INT"]
[Date "2020.06.19"]
[Round "11"]
[White "Harika, Dronavalli"]
[Black "Pham, Le Thao Nguyen"]
[Result "0-1"]
[WhiteTitle "GM"]
[BlackTitle "IM"]
[WhiteElo "2515"]
[BlackElo "2366"]
[WhiteFideId "5015197"]
[BlackFideId "12401226"]
[EventDate "2020.06.19"]

1. e4 c5 2. Nf3 e6 3. g3 b6 4. Bg2 Bb7 5. Nc3 Nf6 6. e5 Nd5 7. O-O d6 8. Nxd5
Bxd5 9. d4 Nc6 10. Re1 cxd4 11. Nxd4 Bxg2 12. Kxg2 Nxd4 13. Qxd4 d5 14. c4 Bc5
15. Qg4 dxc4 16. Qxg7 Qd5+ 17. Kg1 O-O-O 18. Be3 h5 19. Bxc5 Qxc5 20. Qxf7 Qc6
21. Rac1 h4 22. Qf4 b5 23. Qe4 Qxe4 24. Rxe4 Kb7 25. b3 cxb3 26. axb3 h3 27. Rf4
Rh7 28. Kf1 Rd5 29. Re4 Rh5 30. Rce1 a5 31. R1e3 Kb6 32. Ke2 Rh7 33. Rc3 Rhd7
34. Kf3 Rd3+ 35. Rxd3 Rxd3+ 36. Kg4 Rxb3 37. f4 a4 38. f5 exf5+ 39. Kxf5 a3 40.
e6 Rc3 41. e7 Rc8 42. e8=Q Rxe8 43. Rxe8 b4 44. g4 a2 45. Ra8 b3 46. Rb8+ Kc5
47. Rxb3 a1=Q 48. Rxh3 Qf1+ 49. Kg5 Qxh3 0-1

[Event "Women's Speed Chess Q2"]
[Site "chess.com INT"]
[Date "2020.06.19"]
[Round "11"]
[White "Buksa, Nataliya"]
[Black "Gevorgyan, Maria"]
[Result "0-1"]
[WhiteTitle "IM"]
[BlackTitle "WGM"]
[WhiteElo "2410"]
[BlackElo "2228"]
[WhiteFideId "14123622"]
[BlackFideId "13300270"]
[EventDate "2020.06.19"]

1. d4 Nf6 2. Nc3 c5 3. Nf3 cxd4 4. Nxd4 g6 5. e4 Bg7 6. Be3 Nc6 7. Bc4 O-O 8.
Bb3 Re8 9. O-O d6 10. h3 Na5 11. Qd2 b6 12. f3 Ba6 13. Rfe1 Rc8 14. Bf2 Nc4 15.
Bxc4 Rxc4 16. Nde2 Nd7 17. Rab1 Qc8 18. Bd4 Rxd4 19. Nxd4 Qc5 20. Rbd1 e5 21.
Nd5 exd4 22. Kh1 Ne5 23. a4 d3 24. Rc1 Nc4 25. Qxd3 Bxb2 26. Rb1 Bg7 27. Rb3 Kf8
28. Rbb1 Rc8 29. Rb3 Qa5 30. c3 Qxa4 31. Rb4 Qa2 32. f4 Qd2 33. Qxd2 Nxd2 34.
Ra1 Bc4 35. Rxa7 Bxd5 36. exd5 Bxc3 37. Rb5 Bd4 38. Kh2 Ne4 39. Rb1 Be3 40. Rd7
Bxf4+ 41. Kg1 Be3+ 42. Kh2 Rc2 43. h4 Bf4+ 44. Kg1 Ng3 45. Rxb6 Be3+ 46. Kh2
Nf1+ 47. Kh3 Bxb6 48. Rb7 Bc5 49. h5 Rc3+ 50. Kh4 Rg3 51. Rb1 g5# 0-1

[Event "Women's Speed Chess Q2"]
[Site "chess.com INT"]
[Date "2020.06.19"]
[Round "11"]
[White "Khomeriki, Nino"]
[Black "Enkhtuul, Altan-Ulzii"]
[Result "0-1"]
[WhiteTitle "WGM"]
[BlackTitle "WGM"]
[WhiteElo "2319"]
[BlackElo "2228"]
[WhiteFideId "13603191"]
[BlackFideId "4901444"]
[EventDate "2020.06.19"]

1. d4 Nf6 2. c4 c5 3. d5 b5 4. Nf3 bxc4 5. Nc3 g6 6. e4 d6 7. Bxc4 Bg7 8. O-O
O-O 9. h3 a5 10. Bf4 Nbd7 11. Re1 Nb6 12. Bf1 a4 13. a3 Bb7 14. Bb5 Ra5 15. Bh2
Ne8 16. Bf1 Nc7 17. Qd2 Qa8 18. Rad1 Ba6 19. Qg5 f6 20. Qc1 Bxf1 21. Rxf1 Qa6
22. Rfe1 Rb8 23. Nd2 Nb5 24. Ne2 Na7 25. Nf4 Qb7 26. Ne6 Rb5 27. Nxg7 Kxg7 28.
Bf4 Kf7 29. Kh2 Nd7 30. Nc4 Rxb2 31. Nxb2 Qxb2 32. Qxb2 Rxb2 33. Rb1 Rb3 34. Be3
Nb5 35. Rxb3 axb3 36. a4 Nc7 37. a5 Na6 38. Rb1 c4 39. Bd4 e6 40. f3 f5 41. Kg1
exd5 42. exd5 Nf6 43. Bxf6 Kxf6 44. Rc1 b2 45. Re1 c3 46. Re6+ Kf7 47. Rxd6
b1=Q+ 48. Kh2 Qb8 49. f4 Qxd6 50. h4 Qxd5 51. Kh3 c2 52. h5 c1=Q 53. hxg6+ Kxg6
54. g3 Qch1# 0-1

[Event "Women's Speed Chess Q2"]
[Site "chess.com INT"]
[Date "2020.06.19"]
[Round "11"]
[White "Rovira Contreras, Tairu Manuela"]
[Black "Hryzlova, Sofiia"]
[Result "0-1"]
[WhiteTitle "WIM"]
[WhiteElo "2058"]
[BlackElo "1940"]
[WhiteFideId "3900533"]
[BlackFideId "14174669"]
[EventDate "2020.06.19"]

1. d4 Nf6 2. c4 e6 3. g3 c5 4. d5 exd5 5. cxd5 g6 6. Bg2 d6 7. Nc3 Bg7 8. e4 O-O
9. Nge2 Nbd7 10. O-O a6 11. a4 c4 12. Be3 Ne5 13. Nf4 Nfg4 14. Bd4 Bd7 15. h3
Nf6 16. Re1 b5 17. Bxe5 dxe5 18. Nfe2 b4 19. Nb1 a5 20. Nd2 Qc8 21. Rc1 Bxh3 22.
Rxc4 Qd7 23. Nf3 Ne8 24. Nc1 Bxg2 25. Kxg2 Nd6 26. Rc6 Rfc8 27. Rxc8+ Rxc8 28.
Nd3 f6 29. Qb3 Bh6 30. Re2 Rc4 31. Nfe1 Rxe4 32. Nc5 Rxe2 33. Nxd7 Rxe1 34. Nc5
Rc1 35. Ne6 Kf7 36. Qd3 Nc4 37. Nd8+ Ke7 38. Nc6+ Kd6 39. Qf3 f5 40. g4 e4 41.
Qh3 Bg5 42. Qh2+ Kxd5 0-1

[Event "Women's Speed Chess Q2"]
[Site "chess.com INT"]
[Date "2020.06.19"]
[Round "11"]
[White "Kabanova, Ekaterina"]
[Black "Priyanka, K"]
[Result "1-0"]
[WhiteTitle "WFM"]
[BlackTitle "WIM"]
[WhiteElo "2138"]
[BlackElo "2218"]
[WhiteFideId "24112917"]
[BlackFideId "5082986"]
[EventDate "2020.06.19"]

1. c4 Nf6 2. Nf3 g6 3. Nc3 Bg7 4. d4 d6 5. e4 O-O 6. h3 e5 7. d5 a5 8. Bd3 Na6
9. g4 Nc5 10. Bc2 h5 11. g5 Nh7 12. Be3 Bd7 13. Qd2 Qc8 14. h4 Rb8 15. a3 Bg4
16. Nh2 f5 17. gxf6 Bxf6 18. b4 axb4 19. axb4 Na6 20. Rb1 Bxh4 21. Nxg4 Qxg4 22.
Bd1 Qg2 23. Rxh4 Nf6 24. Be2 Qg1+ 25. Bf1 Ng4 26. Ne2 Nxe3 27. Nxg1 Ng4 28. Rxg4
hxg4 29. Qg5 Kg7 30. Qxg4 Rf4 31. Qg2 Rh8 32. f3 Rh5 33. Be2 Rfh4 34. Kd2 Rh2
35. Qg4 R5h4 36. Qd7+ Kh6 37. Ke3 Rh1 38. Qb5 R4h2 39. Qxb7 Rg2 40. Qxa6 Rgxg1
41. Rxg1 Rxg1 42. Qb7 Kg5 43. Qxc7 1-0

[Event "Women's Speed Chess Q2"]
[Site "chess.com INT"]
[Date "2020.06.19"]
[Round "11"]
[White "Papp, Petra"]
[Black "Goryachkina, Aleksandra"]
[Result "0-1"]
[WhiteTitle "WGM"]
[BlackTitle "GM"]
[WhiteElo "2338"]
[BlackElo "2582"]
[WhiteFideId "739049"]
[BlackFideId "4147103"]
[EventDate "2020.06.19"]

1. e4 e6 2. d3 d5 3. Nd2 Nf6 4. Ngf3 Nc6 5. g3 Bd6 6. Bg2 O-O 7. O-O Re8 8. Re1
e5 9. exd5 Nxd5 10. Nc4 Nb6 11. Nxd6 Qxd6 12. c3 Bf5 13. d4 exd4 14. Rxe8+ Rxe8
15. Nxd4 Nxd4 16. cxd4 Nd5 17. Bd2 c6 18. Qb3 Qd7 19. Re1 Rxe1+ 20. Bxe1 Be6 21.
Qd3 h6 22. Bd2 Nb6 23. b3 Bd5 24. Bf1 Nc8 25. Qe2 Nd6 26. Bf4 Ne4 27. Qe3 Qf5
28. h4 Nf6 29. Qe5 Qb1 30. Bxh6 Be4 31. Qg5 Bg6 32. h5 Nxh5 33. g4 gxh6 34. Qd8+
Kg7 35. gxh5 Bd3 36. Qh4 Qxf1+ 37. Kh2 Qe2 38. Qg3+ Kh7 39. Qh4 Qe6 40. Qf4 Bf5
41. Qc7 Be4 42. Qxb7 Qf5 43. Qc7 Qxf2+ 44. Kh3 Bf5# 0-1

[Event "Women's Speed Chess Q2"]
[Site "chess.com INT"]
[Date "2020.06.19"]
[Round "11"]
[White "Fominykh, Maria"]
[Black "Gokbulut, Julia"]
[Result "1-0"]
[WhiteTitle "WGM"]
[BlackTitle "WFM"]
[WhiteElo "2206"]
[BlackElo "1970"]
[WhiteFideId "4142411"]
[BlackFideId "4153979"]
[EventDate "2020.06.19"]

1. Nf3 d5 2. g3 Bg4 3. Bg2 Nf6 4. d3 e6 5. Nbd2 Bd6 6. b3 O-O 7. Bb2 Re8 8. O-O
Nbd7 9. h3 Bh5 10. e4 dxe4 11. dxe4 Bxf3 12. Qxf3 e5 13. Nc4 Bc5 14. Rad1 Qe7
15. Ne3 Bxe3 16. Qxe3 Nc5 17. Ba3 b6 18. Rd2 Rad8 19. Rfd1 Nfd7 20. h4 h6 21.
Bh3 Nf6 22. Rxd8 Rxd8 23. Rxd8+ Qxd8 24. Bxc5 bxc5 25. Qxc5 Nxe4 26. Qxa7 g6 27.
Bf1 Nd2 28. Be2 c6 29. Qe3 Kg7 30. Qxe5+ f6 31. Qe3 Qd7 32. a4 Nb1 33. Qd3 Qe7
34. a5 Na3 35. a6 Nb5 36. Qe3 Qd7 37. Bxb5 cxb5 38. a7 Qd1+ 39. Kh2 Qd5 40. Qe7+
Kg8 41. Qe8+ Kg7 42. a8=Q Qxa8 43. Qxa8 g5 44. Qb7+ Kg6 45. Qxb5 gxh4 46. gxh4
h5 47. Qc4 Kh6 48. b4 Kg6 49. b5 Kf5 50. b6 Ke5 51. b7 f5 52. b8=Q+ 1-0

[Event "Women's Speed Chess Q2"]
[Site "chess.com INT"]
[Date "2020.06.19"]
[Round "11"]
[White "Hejazipour, Mitra"]
[Black "Bodnaruk, Anastasia"]
[Result "0-1"]
[WhiteTitle "WGM"]
[BlackTitle "IM"]
[WhiteElo "2300"]
[BlackElo "2411"]
[WhiteFideId "12505951"]
[BlackFideId "4181751"]
[EventDate "2020.06.19"]

1. Nf3 Nf6 2. d4 g6 3. Bg5 Bg7 4. Nbd2 d5 5. e3 O-O 6. Bd3 c5 7. c3 b6 8. O-O
Bb7 9. Ne5 Ne8 10. Bh4 f6 11. Nxg6 hxg6 12. Bxg6 Bh6 13. Qh5 Kg7 14. Bf5 Rh8 15.
Qg6+ Kf8 16. Bg3 Ng7 17. Bd3 Bc6 18. Nf3 Be8 19. Qg4 Bh5 20. Qh4 Nc6 21. dxc5
bxc5 22. e4 d4 23. cxd4 Bxf3 24. gxf3 Nxd4 25. Qg4 Qc8 26. Rac1 Qxg4 27. fxg4
Bxc1 28. Rxc1 Rc8 29. Ba6 Rc6 30. Bc4 e5 31. Kg2 Nge6 32. Bd5 Rc7 33. f3 Ke7 34.
h4 Ne2 35. Rc2 N2f4+ 36. Bxf4 Nxf4+ 37. Kg3 Nxd5 38. exd5 Kd6 39. Rd2 c4 40. h5
c3 41. bxc3 Rxc3 42. Rb2 e4 43. Kf4 exf3 44. Kf5 Re3 45. Kxf6 Re2 46. Rb1 f2 47.
Rf1 Re1 48. Rxf2 Rf8+ 49. Kg7 Rxf2 50. g5 Rg1 51. g6 Rh2 52. h6 Rhg2 53. h7
Rxg6+ 54. Kf7 Rh6 0-1